Normal view
MARC view
- Business.
Entry Topical Term
001 - CONTROL NUMBER
- control field: 48341
003 - CONTROL NUMBER IDENTIFIER
- control field: OSt
005 - DATE AND TIME OF LATEST TRANSACTION
- control field: 20230331152834.0
008 - FIXED-LENGTH DATA ELEMENTS
- fixed length control field: 230331|| aca||aabn | a|a d
040 ## - CATALOGING SOURCE
- Original cataloging agency: OSt
- Transcribing agency: OSt
150 ## - HEADING--TOPICAL TERM
- Topical term or geographic name entry element: Business.
670 ## - SOURCE DATA FOUND
- Source citation: Work cat.: (OSt): Gumba, Roberto Jr. A. 48331, Group: Rice Farmers income drops to 75%-85%, February 26, 2020.
